000
00330nam a22001577a 4500
003
SGT
020
_a
978-93-325-3646-3
082
_a
152, S14A
100
_a
ARONSON, ELLIOT
245
_a
SOCIAL PSYCHOLOGY
250
_a
8TH
260
_a
DELHI
_b
PEARSON
_c
2014
300
_a
538
650
_a
PSYCHOLOGY
942
_2
ddc
_c
BK
_0
2
999
_c
9199
_d
9199